Сочинения. Т. 1: Южный почтовый | Ночной полет | Планета людей | Военный летчик | Письмо заложнику | Маленький принц | Пилот и стихии | Воспоминания о некоторых книгах | Письмо г-же Н | Письмо генералу Х | Письмо г-же Франсуа де Роз (Запись № 7181035)
[ простой вид ]
| 000 -МАРКЕР | |
|---|---|
| контрольное поле | 01393nam2a22002531 4500 |
| 001 - ИДЕНТИФИКАТОР ЗАПИСИ | |
| контрольное поле | rc\75399 |
| 005 - ИДЕНТИФИКАТОР ВЕРСИИ | |
| контрольное поле | 20250620193908.0 |
| 010 ## - МЕЖДУНАРОДНЫЙ СТАНДАРТНЫЙ НОМЕР КНИГИ (ISBN) | |
| Номер (ISBN) | 5-86884-027-5 |
| Тираж | 10000 |
| 035 ## - ДРУГИЕ СИСТЕМНЫЕ НОМЕРА | |
| Идентификатор записи | (NLR Aleph) 005390306 |
| 100 ## - ДАННЫЕ ОБЩЕЙ ОБРАБОТКИ | |
| Данные общей обработки | 20021216d1994 |||y0rusy50 ca |
| 101 0# - ЯЗЫК РЕСУРСА | |
| Язык текста, звукозаписи и т.д. | русский |
| 102 ## - СТРАНА ПУБЛИКАЦИИ ИЛИ ПРОИЗВОДСТВА | |
| Страна публикации | Российская Федерация |
| 105 ## - ПОЛЕ КОДИРОВАННЫХ ДАННЫХ: ТЕКСТОВЫЕ МАТЕРИАЛЫ, МОНОГРАФИЧЕСКИЕ | |
| Кодированные данные о монографическом текстовом документе | a ||||||||| |
| 200 1# - ЗАГЛАВИЕ И СВЕДЕНИЯ ОБ ОТВЕТСТВЕННОСТИ | |
| Основное заглавие | Южный почтовый |
| -- | Ночной полет |
| -- | Планета людей |
| -- | Военный летчик |
| -- | Письмо заложнику |
| -- | Маленький принц |
| -- | Пилот и стихии |
| -- | Воспоминания о некоторых книгах |
| -- | Письмо г-же Н |
| -- | Письмо генералу Х |
| -- | Письмо г-же Франсуа де Роз |
| 210 ## - ПУБЛИКАЦИЯ, РАСПРОСТРАНЕНИЕ И ДР. | |
| Дата издания, распространения и т.д. | 1994 |
| Место издания, распространения и т.д. | Б. м. |
| 215 ## - ФИЗИЧЕСКАЯ ХАРАКТЕРИСТИКА | |
| Специфическое обозначение материала и объем | 539, [1] с., [8] л. ил. |
| Другие сведения о физической характеристике | ил. |
| 461 #0 - УРОВЕНЬ НАБОРА | |
| Встроенное поле | 001rc\75398 |
| -- | 2001#$aСочинения$eВ 2 т.$eПер. с фр.$fАнтуан де Сент-Экзюпери$g[Ред. В. Кочетов]$vТ. 1 |
| -- | 700#1$aСент-Экзюпери$bА. де$f1900-1944$gАнтуан де$3RU\NLR\AUTH\777344 |
| Системный номер (АБИС) связанной записи | 7181029 |
| Автор | Сент-Экзюпери, А. де (1900-1944) |
| Место публикации | М. |
| Дата публикации | 1994 |
| Первые сведения об ответственности | Антуан де Сент-Экзюпери |
| Имя издателя, распространителя и т.д. | Согласие |
| Сведения, относящиеся к заглавию | В 2 т. : Пер. с фр. |
| Заглавие | Сочинения |
| ISBN | 5868840267 |
| Номер тома | Т. 1 |
| 801 #0 - ИСТОЧНИК ЗАПИСИ | |
| Страна | Российская Федерация |
| Организация | NLR |
| Правила каталогизации | psbo |
| 801 #1 - ИСТОЧНИК ЗАПИСИ | |
| Страна | Российская Федерация |
| Организация | ELAR |
| Источник данных | rusmarc |
| 852 ## - МЕСТОНАХОЖДЕНИЕ И ШИФР ХРАНЕНИЯ | |
| Идентификатор организации | NLR |
| Шифр хранения (Call Number) | 94-3/6797 |
| 942 ## - ДОПОЛНИТЕЛЬНЫЕ ЭЛЕМЕНТЫ ЗАПИСИ (АБИС) | |
| Тип экземпляра АБИС | Книга |
| 980 ## - КОЛЛЕКЦИЯ | |
| Название коллекции | Национальная библиография |
| Тип экземпляра | Дата поступления | Библиотека постоянного хранения | Библиотека текущего хранения | Место хранения | Шифр хранения | Штрих-код | Статус экземпляра | Стоимость | Источник поступления |
|---|---|---|---|---|---|---|---|---|---|
| Книга | 26.10.2013 | РНБ (Московский) | РНБ (Московский) | Русский книжный фонд: издания с 1957 года | 94-3/6797 | 5390306-10 | |||
| Книга | 21.03.2014 | РНБ (Московский) | РНБ (Московский) | Фонд общего зала литературы по филологии, педагогике и искусству (гуманитарной литературы) | Л1 Ш6(4Фр)/С-315 | 1-389362 | 10800.00 | ||
| Книга | 18.04.2014 | РНБ (Садовая) | РНБ (Садовая) | Фонд научного зала литературы и искусства | Нз Ш6(4Фр)/С-315 | 1-302054 | Подсобные фонды РНБ | ||
| Книга | 15.09.2015 | РНБ (Фонтанка) | РНБ (Фонтанка) | Юношеский читальный зал | Ю И(фр)/С-31 | 1-160578 | Источник неизвестен |